[Event "Rated Blitz game"]
[Site "?"]
[Date "2021.06.27"]
[Round "?"]
[White "ackaliyorabisi"]
[Black "KamranShirazi"]
[Result "1-0"]
[WhiteElo "2418"]
[BlackElo "2495"]
[PlyCount "127"]
[EventDate "2021.??.??"]
[EventType "blitz"]

1. e4 e5 2. Nf3 d5 3. exd5 e4 4. Qe2 Nf6 5. d3 Bb4+ 6. Nfd2 O-O 7. c3 exd3 8.
Qxd3 Bc5 9. Be2 Qxd5 10. O-O Qxd3 11. Bxd3 Rd8 12. Bc2 Nc6 13. Nb3 Bb6 14. Bg5
a5 15. a4 Be6 16. N1d2 Ne5 17. h3 Nd3 18. Rab1 Rd5 19. Bxf6 gxf6 20. Nc4 Ba7
21. Ncxa5 Nxf2 22. Rxf2 Bxf2+ 23. Kxf2 Raxa5 24. Nxa5 Rxa5 25. Ra1 h6 26. b4
Re5 27. Re1 Kf8 28. a5 Ke7 29. Be4 c6 30. Bf3 Kd6 31. a6 bxa6 32. Ra1 Bc4 33.
g4 f5 34. Kg3 fxg4 35. hxg4 f5 36. Kf4 fxg4 37. Bxg4 Re7 38. Rd1+ Kc7 39. Rh1
Rf7+ 40. Kg3 Rf6 41. Re1 Kb6 42. Re5 Bd5 43. Bf5 Rd6 44. Bd3 Bb3 45. Be2 Ba4
46. Kf2 Rf6+ 47. Ke3 Bb5 48. c4 Ba4 49. c5+ Kc7 50. Re7+ Kd8 51. Ra7 Bb5 52.
Bxb5 axb5 53. Rb7 Kc8 54. Ra7 Kb8 55. Rh7 Kc8 56. Kd4 Kd8 57. Ke5 Rg6 58. Rf7
Rg4 59. Kd6 Rd4+ 60. Kxc6 Rxb4 61. Kd6 Rd4+ 62. Kc6 Re4 63. Kxb5 Rd4 64. c6 {
Time forfeit} 1-0

[Event "Rated Blitz game"]
[Site "?"]
[Date "2021.06.27"]
[Round "?"]
[White "NormWeinstein"]
[Black "YHUTANGzJHuN"]
[Result "1-0"]
[WhiteElo "2470"]
[BlackElo "2432"]
[PlyCount "47"]
[EventDate "2021.??.??"]
[EventType "blitz"]

1. e4 e5 2. Nf3 d5 3. d4 dxe4 4. Nxe5 Bd6 5. Bf4 Bf5 6. Bg3 Nf6 7. Be2 Nbd7 8.
O-O Qe7 9. Nc4 Bxg3 10. hxg3 O-O-O 11. Nc3 h5 12. Ne3 Be6 13. d5 Nb6 14. Qd4
Nfxd5 15. Qxe4 Nxc3 16. bxc3 Qf6 17. a4 h4 18. a5 Nd5 19. Bf3 c6 20. a6 hxg3
21. axb7+ Kxb7 22. Rfb1+ Ka8 23. Rxa7+ Kxa7 24. Qa4# {Normal} 1-0

[Event "Rated Blitz game"]
[Site "?"]
[Date "2021.06.27"]
[Round "?"]
[White "riserman"]
[Black "ibrahim_karpove2711"]
[Result "0-1"]
[WhiteElo "2410"]
[BlackElo "2279"]
[PlyCount "68"]
[EventDate "2021.??.??"]
[EventType "blitz"]

1. e4 e5 2. Nf3 d5 3. exd5 e4 4. Qe2 f5 5. d3 Nf6 6. dxe4 fxe4 7. Nbd2 Bb4 8.
c3 Bd6 9. Nxe4 O-O 10. Nxf6+ Qxf6 11. Be3 Nd7 12. O-O-O a5 13. Qc2 Ne5 14. Nxe5
Bxe5 15. Bd3 h6 16. Kb1 a4 17. c4 a3 18. b3 b5 19. h4 bxc4 20. Bxc4 Bf5 21. Bd3
Bxd3 22. Qxd3 Rab8 23. g4 Rfd8 24. g5 Qf3 25. gxh6 c6 26. Bd4 Qxd5 27. Bxe5
Qxe5 28. Qc4+ Kh7 29. Qc2+ Kg8 30. Rdg1 Rd7 31. Rg5 Qf6 32. hxg7 Rbd8 33. Rc1
Rd2 34. Qc4+ R8d5 {Normal} 0-1

[Event "Rated Blitz game"]
[Site "?"]
[Date "2021.06.27"]
[Round "?"]
[White "jdjdejdejy"]
[Black "Racheengel"]
[Result "1-0"]
[WhiteElo "2451"]
[BlackElo "2458"]
[PlyCount "51"]
[EventDate "2021.??.??"]
[EventType "blitz"]

1. e4 e5 2. Nf3 d5 3. d3 dxe4 4. dxe4 Qxd1+ 5. Kxd1 f6 6. Bc4 Nc6 7. Be3 Nge7
8. Nbd2 Bd7 9. a4 O-O-O 10. c3 g5 11. h4 g4 12. Nh2 h5 13. Nhf1 f5 14. exf5
Nxf5 15. Ke2 Nxe3 16. Nxe3 Bh6 17. Ne4 Ne7 18. Rhd1 Bc6 19. Rxd8+ Rxd8 20. Ng3
Ng6 21. Nxh5 Nxh4 22. Be6+ Bd7 23. Bxd7+ Rxd7 24. Nf6 Re7 25. Nfxg4 c6 26. Nxh6
{Normal} 1-0

[Event "Rated Blitz tournament UKEDJHQi"]
[Site "?"]
[Date "2021.06.27"]
[Round "?"]
[White "Alexsur81"]
[Black "rofaidah"]
[Result "1/2-1/2"]
[WhiteElo "2804"]
[BlackElo "2302"]
[PlyCount "115"]
[EventDate "2021.??.??"]
[EventType "blitz"]

1. e4 e5 2. Nf3 d5 3. exd5 e4 4. Qe2 Nf6 5. Nc3 Bf5 6. Nh4 Bg6 7. Nxg6 hxg6 8.
Nxe4 Nxe4 9. Qxe4+ Be7 10. Bb5+ Nd7 11. d3 O-O 12. Bxd7 Qxd7 13. O-O Rfe8 14.
Qf3 Bf6 15. c4 Re7 16. Rb1 Rae8 17. Be3 Qa4 18. a3 Qb3 19. Qd1 Qa2 20. Qc2 b5
21. Rfc1 a5 22. h3 b4 23. axb4 axb4 24. b3 Qa6 25. d4 Rxe3 26. fxe3 Rxe3 27.
Qd2 Re4 28. Qxb4 Bxd4+ 29. Kh1 Qf6 30. Rf1 Qg5 31. Qb8+ Kh7 32. Qc8 Be5 33. Rf3
Rf4 34. Re1 Rxf3 35. gxf3 Qg3 36. Rxe5 Qxf3+ 37. Kg1 Qg3+ 38. Kf1 Qxe5 39. Qg4
Qa1+ 40. Kg2 Qb2+ 41. Kf1 Qxb3 42. Qh4+ Kg8 43. Qd8+ Kh7 44. Qxc7 Qd1+ 45. Kf2
Qd2+ 46. Kg3 Qe3+ 47. Kg2 Qe2+ 48. Kg3 Qe3+ 49. Kg2 f5 50. Qg3 Qe2+ 51. Kg1
Qxc4 52. d6 Qd4+ 53. Kg2 f4 54. Qh4+ Kg8 55. Qd8+ Kh7 56. Qh4+ Kg8 57. Qd8+ Kh7
58. Qh4+ {Normal} 1/2-1/2

[Event "Rated Blitz game"]
[Site "?"]
[Date "2021.06.27"]
[Round "?"]
[White "piscatorox"]
[Black "annaly1979"]
[Result "1-0"]
[WhiteElo "2469"]
[BlackElo "2431"]
[PlyCount "63"]
[EventDate "2021.??.??"]
[EventType "blitz"]

1. e4 e5 2. Nf3 d5 3. exd5 e4 4. Qe2 f5 5. d3 Nf6 6. dxe4 fxe4 7. Nc3 Be7 8.
Nxe4 Nxe4 9. Qxe4 O-O 10. Bd3 Bf5 11. Qc4 Bxd3 12. Qxd3 Bb4+ 13. c3 Re8+ 14.
Kd1 Bd6 15. Kc2 Nd7 16. Be3 Qf6 17. Rhe1 b5 18. Bd4 Qf7 19. Re6 Nf8 20. Ng5 Qh5
21. Rxe8 Rxe8 22. Ne4 Qxh2 23. Nxd6 cxd6 24. g3 Qg2 25. Be3 Ng6 26. Kb3 Ne5 27.
Qxb5 Rc8 28. Bd4 Nc4 29. Qd7 Na5+ 30. Ka4 Rc4+ 31. b4 Rxd4 32. Qe8# {Normal}
1-0

[Event "Rated Blitz game"]
[Site "?"]
[Date "2021.06.27"]
[Round "?"]
[White "xavicho04"]
[Black "blastol"]
[Result "0-1"]
[WhiteElo "2257"]
[BlackElo "2401"]
[PlyCount "48"]
[EventDate "2021.??.??"]
[EventType "blitz"]

1. e4 e5 2. Nf3 d5 3. Nxe5 Bd6 4. d4 dxe4 5. Nc3 Nf6 6. Bc4 O-O 7. O-O Nc6 8.
Nxc6 bxc6 9. h3 Rb8 10. Re1 Bf5 11. b3 Bb4 12. Bb2 Nd5 13. Bxd5 cxd5 14. Qh5
Bg6 15. Qe5 Re8 16. Qg3 c6 17. Re3 Bd6 18. Qg4 f5 19. Qd1 f4 20. Re1 f3 21.
gxf3 Qg5+ 22. Kf1 Qh4 23. fxe4 Qxh3+ 24. Ke2 Bh5+ {Normal} 0-1

[Event "Rated Blitz game"]
[Site "?"]
[Date "2021.06.27"]
[Round "?"]
[White "Sijavush"]
[Black "annaly1979"]
[Result "1-0"]
[WhiteElo "2493"]
[BlackElo "2426"]
[PlyCount "83"]
[EventDate "2021.??.??"]
[EventType "blitz"]

1. e4 e5 2. Nf3 d5 3. d4 dxe4 4. Nxe5 Bd6 5. Nc4 Nf6 6. Bg5 h6 7. Bh4 O-O 8.
Nc3 Bf5 9. Be2 a6 10. g4 Bg6 11. Qd2 Nc6 12. O-O-O Bb4 13. a3 Bxc3 14. Qxc3 Nd5
15. Qg3 Qe8 16. g5 h5 17. Ne3 Nce7 18. c4 Nb6 19. Qxc7 Nxc4 20. Bxc4 Rc8 21.
Qxb7 Nc6 22. Qxa6 Ra8 23. Qb6 Rb8 24. Qc5 Rc8 25. Kb1 Qd8 26. Qd5 Qb6 27. Qd6
Kh7 28. d5 Rfd8 29. Qf4 Na5 30. Ba2 Rb8 31. Rd2 Nc4 32. Nxc4 e3+ 33. Ka1 Qb5
34. Qxe3 Rbc8 35. Rc1 Rxd5 36. Rxd5 Rxc4 37. Bxc4 Qa4 38. Bd3 Qxh4 39. Bxg6+
fxg6 40. Rd7 Qa4 41. Rcc7 Kh8 42. Qe8+ {Normal} 1-0

[Event "Rated Blitz game"]
[Site "?"]
[Date "2021.06.27"]
[Round "?"]
[White "Urquharts"]
[Black "annaly1979"]
[Result "1-0"]
[WhiteElo "2488"]
[BlackElo "2461"]
[PlyCount "59"]
[EventDate "2021.??.??"]
[EventType "blitz"]

1. e4 e5 2. Nf3 d5 3. exd5 e4 4. Ne5 Bd6 5. Nc4 Nf6 6. Nxd6+ cxd6 7. Nc3 h6 8.
Be2 O-O 9. O-O Bf5 10. d3 Nbd7 11. dxe4 Nxe4 12. Nxe4 Bxe4 13. Bf3 Bg6 14. c4
b5 15. cxb5 a6 16. bxa6 Rxa6 17. g3 Qf6 18. a3 Ne5 19. Bg2 Nd3 20. Qb3 Rc8 21.
Be3 Nxb2 22. Rfc1 Rca8 23. Bf1 Ra4 24. Ra2 Qf3 25. Bg2 Qf6 26. Qxb2 Qxb2 27.
Rxb2 Rxa3 28. h4 Ra1 29. Rxa1 Rxa1+ 30. Kh2 {Normal} 1-0

[Event "Rated Blitz tournament kv7AWfB1"]
[Site "?"]
[Date "2021.06.27"]
[Round "?"]
[White "Guary1"]
[Black "om_gendut"]
[Result "1-0"]
[WhiteElo "2605"]
[BlackElo "2408"]
[PlyCount "87"]
[EventDate "2021.??.??"]
[EventType "blitz"]

1. e4 e5 2. Nf3 d5 3. d4 dxe4 4. Nxe5 Bd6 5. Qh5 g6 6. Qe2 Qe7 7. Nc3 f5 8. Nd5
Qg7 9. Bf4 Nf6 10. Bh6 Qxh6 11. Nxf6+ Kf8 12. f3 Qg7 13. Nd5 Nc6 14. Nxc6 bxc6
15. Nc3 exf3 16. Qf2 Bf4 17. Qxf3 Qxd4 18. Bd3 Kg7 19. Kf1 Bh6 20. Re1 Bd7 21.
Ne2 Qd6 22. h4 Rae8 23. h5 Re3 24. Qf2 Rhe8 25. hxg6 hxg6 26. Rd1 Bg5 27. Ng1
Qe7 28. Nf3 Bf4 29. Bc4 Be6 30. Bxe6 Qxe6 31. Qh4 Qc4+ 32. Kg1 Bh2+ 33. Rxh2
Qxh4 34. Rxh4 Re2 35. Rc4 R8e7 36. Rxc6 R2e6 37. Rxe6 Rxe6 38. Rd7+ Kf6 39.
Rxc7 Re2 40. Nd4 Rd2 41. Rc6+ Kg5 42. Nf3+ Kf4 43. Nxd2 g5 44. Rg6 {Normal} 1-0

[Event "Rated Blitz game"]
[Site "?"]
[Date "2021.06.27"]
[Round "?"]
[White "Charlie_nic"]
[Black "annaly1979"]
[Result "1-0"]
[WhiteElo "2467"]
[BlackElo "2430"]
[PlyCount "81"]
[EventDate "2021.??.??"]
[EventType "blitz"]

1. e4 e5 2. Nf3 d5 3. Nxe5 Qe7 4. d4 f6 5. Ng4 Nc6 6. Nc3 dxe4 7. d5 Ne5 8.
Nxe5 Qxe5 9. Bb5+ Kf7 10. O-O Bd6 11. g3 Bh3 12. Re1 f5 13. Qh5+ g6 14. Qxh3
Nf6 15. Bf4 Qd4 16. Bxd6 cxd6 17. Ba4 Ng4 18. Re2 Ne5 19. Bb3 a6 20. Rd1 Qb6
21. Nxe4 Rhe8 22. Ng5+ Kf8 23. Qh6+ Ke7 24. Qg7+ Kd8 25. Ne6+ Kc8 26. Kg2 Kb8
27. Rxe5 dxe5 28. Qxe5+ Ka7 29. d6 f4 30. Qxf4 g5 31. Qd4 Qxd4 32. Rxd4 g4 33.
d7 Red8 34. Nxd8 Rxd8 35. Be6 Kb6 36. Bxg4 Kc5 37. c3 b5 38. b4+ Kc6 39. Be6 h5
40. f4 Kc7 41. f5 {Normal} 1-0

[Event "Rated Blitz game"]
[Site "?"]
[Date "2021.06.27"]
[Round "?"]
[White "vasiljev_alex2020"]
[Black "YHUTANGzJHuN"]
[Result "1-0"]
[WhiteElo "2425"]
[BlackElo "2458"]
[PlyCount "79"]
[EventDate "2021.??.??"]
[EventType "blitz"]

1. e4 e5 2. Nf3 d5 3. Nxe5 dxe4 4. d4 Bd6 5. Nc4 Nc6 6. c3 Nf6 7. Be2 Bf5 8.
Bg5 Be7 9. Nbd2 h6 10. Bh4 Qd7 11. Ne3 Bh7 12. Qb3 O-O-O 13. Qxf7 g5 14. Bg3
Rdf8 15. Qb3 Kb8 16. Bb5 a6 17. Bxc6 Qxc6 18. Ndc4 Bg8 19. Ne5 Qe8 20. Qc2 Bd6
21. N3c4 Bxe5 22. Nxe5 h5 23. h4 g4 24. O-O Bh7 25. Qd2 Nd5 26. c4 Nb6 27. b3
Qe6 28. d5 Qf6 29. Qb4 Re8 30. Qxb6 Qxb6 31. Nd7+ Ka7 32. Nxb6 cxb6 33. Rfe1
Rhf8 34. Rad1 Rd8 35. Rd4 b5 36. Re3 bxc4 37. bxc4 Kb6 38. Rb3+ Kc5 39. Rd1 b5
40. cxb5 {Time forfeit} 1-0

[Event "Rated Rapid game"]
[Site "?"]
[Date "2021.06.27"]
[Round "?"]
[White "The-Chessguy"]
[Black "EEberhart"]
[Result "1/2-1/2"]
[WhiteElo "2436"]
[BlackElo "2262"]
[PlyCount "71"]
[EventDate "2021.??.??"]
[EventType "rapid"]

1. e4 e5 2. Nf3 d5 3. Nc3 dxe4 4. Nxe4 Bd6 5. Bc4 Nf6 6. Nxd6+ cxd6 7. d4 Nc6
8. O-O O-O 9. Bg5 h6 10. dxe5 Nxe5 11. Nxe5 hxg5 12. Nxf7 Rxf7 13. f4 Qb6+ 14.
Kh1 d5 15. fxg5 dxc4 16. gxf6 Rxf6 17. Rxf6 Qxf6 18. Qd5+ Qe6 19. Qd8+ Kh7 20.
Qh4+ Qh6 21. Qxc4 Bf5 22. Rf1 Rc8 23. Qd5 Bxc2 24. Qxb7 Qc6 25. Qxa7 Be4 26.
Qf2 Qc2 27. h3 Rf8 28. Qh4+ Kg8 29. Rxf8+ Kxf8 30. Qd8+ Kf7 31. Qd7+ Kg8 32.
Qe8+ Kh7 33. Qh5+ Kg8 34. Qe8+ Kh7 35. Qh5+ Kg8 36. Qe8+ {Normal} 1/2-1/2

[Event "Rated Blitz game"]
[Site "?"]
[Date "2021.06.27"]
[Round "?"]
[White "Nadigraj"]
[Black "Polyclinical"]
[Result "0-1"]
[WhiteElo "2707"]
[BlackElo "2869"]
[PlyCount "126"]
[EventDate "2021.??.??"]
[EventType "blitz"]

1. e4 e5 2. Nf3 d5 3. exd5 e4 4. Qe2 Qe7 5. Nd4 Nf6 6. Nc3 Qe5 7. Nf3 Qe7 8.
Ng5 Bf5 9. f3 exf3 10. Nxf3 Bxc2 11. d3 Qxe2+ 12. Bxe2 Bb4 13. Bd2 Bxc3 14.
bxc3 Nxd5 15. c4 Nb6 16. Bc3 O-O 17. Kd2 Ba4 18. d4 N8d7 19. Rab1 Rad8 20. Ke3
Rfe8+ 21. Kf2 Nf6 22. Nd2 Bc2 23. Rb2 Bf5 24. Rb5 Bg4 25. Bf3 Bxf3 26. gxf3 c6
27. Rg5 h6 28. Rf5 Kh7 29. Rg1 Nbd7 30. h4 b6 31. h5 g6 32. hxg6+ fxg6 33. Rf4
g5 34. Re4 Nxe4+ 35. fxe4 Rf8+ 36. Ke3 Rde8 37. a4 Kg6 38. Nf3 Rf4 39. e5 Ref8
40. Rg3 c5 41. d5 Rxc4 42. Kd3 Rcf4 43. Nd2 c4+ 44. Kc2 Nc5 45. e6 Re8 46. Re3
g4 47. Bb4 c3 48. Bxc3 Nxa4 49. Be5 Rf5 50. Bg3 Rxd5 51. Nc4 Rc5 52. Kb3 Rxc4
53. Kxc4 Nc5 54. Kd5 Nxe6 55. Rxe6+ Rxe6 56. Kxe6 a5 57. Kd5 a4 58. Kc4 Kg5 59.
Bf2 h5 60. Be3+ Kf5 61. Bf2 Ke4 62. Kb4 Kf3 63. Bh4 g3 {Time forfeit} 0-1

[Event "Rated Blitz game"]
[Site "?"]
[Date "2021.06.27"]
[Round "?"]
[White "Atahan_2006"]
[Black "YHUTANGzJHuN"]
[Result "0-1"]
[WhiteElo "2423"]
[BlackElo "2446"]
[PlyCount "62"]
[EventDate "2021.??.??"]
[EventType "blitz"]

1. e4 e5 2. Nf3 d5 3. exd5 e4 4. Qe2 Nf6 5. Nc3 Be7 6. Nxe4 O-O 7. d3 Qxd5 8.
Bd2 Nc6 9. O-O-O Qxa2 10. Bc3 Nd5 11. Kd2 f5 12. Ng3 Ncb4 13. Rc1 Bd7 14. Nh5
Nxc3 15. Qxe7 Rf7 16. Qxb4 Na4 17. Qb3 Qxb2 18. Ne5 Qxe5 19. Re1 Qa5+ 20. c3
Nc5 21. Qb2 Rd8 22. d4 Ne4+ 23. Rxe4 fxe4 24. Bc4 Qxh5 25. Bxf7+ Qxf7 26. Ke3
Bc6 27. Ra1 a6 28. Ra5 Rf8 29. Re5 Qf4+ 30. Ke2 Qxf2+ 31. Kd1 Qxb2 {Normal} 0-1

[Event "Rated Blitz tournament luJ5qjxi"]
[Site "?"]
[Date "2021.06.27"]
[Round "?"]
[White "Hanyut"]
[Black "om_gendut"]
[Result "1/2-1/2"]
[WhiteElo "2320"]
[BlackElo "2427"]
[PlyCount "21"]
[EventDate "2021.??.??"]
[EventType "blitz"]

1. e4 e5 2. Nf3 d5 3. Nxe5 Bd6 4. d4 dxe4 5. Nc4 Be7 6. Bf4 Nf6 7. c3 O-O 8.
Nbd2 Bf5 9. Ne3 Bg6 10. Bc4 Bd6 11. Bg3 {Normal} 1/2-1/2

[Event "Rated Blitz game"]
[Site "?"]
[Date "2021.06.27"]
[Round "?"]
[White "JMlaamenaza"]
[Black "Fantastic_power06"]
[Result "0-1"]
[WhiteElo "2568"]
[BlackElo "2604"]
[PlyCount "20"]
[EventDate "2021.??.??"]
[EventType "blitz"]

1. e4 e5 2. Nf3 d5 3. Nxe5 Bd6 4. d4 dxe4 5. Nc3 Bxe5 6. dxe5 Qxd1+ 7. Kxd1 Nc6
8. Bb5 Bd7 9. Nxe4 O-O-O 10. Ke2 Nd4+ {Normal} 0-1

[Event "Rated Blitz game"]
[Site "?"]
[Date "2021.06.27"]
[Round "?"]
[White "Terminator2051"]
[Black "YHUTANGzJHuN"]
[Result "0-1"]
[WhiteElo "2325"]
[BlackElo "2416"]
[PlyCount "66"]
[EventDate "2021.??.??"]
[EventType "blitz"]

1. e4 e5 2. Nf3 d5 3. Nxe5 dxe4 4. d4 Bd6 5. Nc4 Nc6 6. Nxd6+ Qxd6 7. Be3 f5 8.
g3 Nf6 9. Nc3 h6 10. Qd2 Be6 11. O-O-O O-O-O 12. Nb5 Qe7 13. Kb1 g5 14. c4 a6
15. Nc3 Ne5 16. d5 c6 17. Bd4 Nf3 18. Qe3 cxd5 19. cxd5 Nxd4 20. Qxd4 Nxd5 21.
Nxd5 Bxd5 22. Qa7 Bxa2+ 23. Kxa2 Qe6+ 24. b3 Rxd1 25. Bc4 Rd2+ 26. Ka3 Qd6+ 27.
b4 Rd8 28. Rc1 Qc7 29. Qa8+ Kd7 30. Be6+ Kxe6 31. Qa7 Qxc1+ 32. Ka4 Ra2+ 33.
Kb3 Qc2# {Normal} 0-1

[Event "Rated Blitz tournament kv7AWfB1"]
[Site "?"]
[Date "2021.06.27"]
[Round "?"]
[White "JusticeChamp_01"]
[Black "om_gendut"]
[Result "0-1"]
[WhiteElo "2454"]
[BlackElo "2407"]
[PlyCount "160"]
[EventDate "2021.??.??"]
[EventType "blitz"]

1. e4 e5 2. Nf3 d5 3. Bc4 dxc4 4. O-O Nc6 5. Qe2 Be6 6. b3 cxb3 7. axb3 Nf6 8.
c3 Bg4 9. h3 Bxf3 10. gxf3 Bc5 11. d4 exd4 12. e5 Nd5 13. b4 Be7 14. b5 Nb8 15.
cxd4 O-O 16. Kh2 Nd7 17. Rg1 Kh8 18. Nd2 f5 19. Nf1 Qe8 20. f4 Rg8 21. Ng3 Qf8
22. Bd2 g6 23. e6 N7b6 24. Rae1 Bd6 25. Qf3 Re8 26. h4 Qf6 27. h5 Qh4+ 28. Kg2
Nxf4+ 29. Bxf4 Qxf4 30. Rh1 Qxf3+ 31. Kxf3 Kg7 32. h6+ Kf6 33. Ne2 Rxe6 34. Ra1
Ra8 35. Nc3 Bb4 36. Na2 Nd5 37. Rac1 Bd6 38. Rcd1 Re4 39. Ra1 Rae8 40. Rhd1
Rf4+ 41. Kg2 Rg4+ 42. Kf3 Ree4 43. Rg1 Ref4+ 44. Ke2 Re4+ 45. Kd3 Rxd4+ 46. Ke2
Rc4 47. f3 Rxg1 48. Rxg1 Rc2+ 49. Kd3 Rxa2 50. Ra1 Rxa1 51. Kc4 Ra4+ 52. Kxd5
Rf4 53. b6 Rd4+ 54. Kxd4 axb6 55. Kd5 g5 56. Kd4 g4 57. Kd5 gxf3 58. Kc4 f2 59.
Kd5 f1=R 60. Kc4 Rf4+ 61. Kd5 c6+ 62. Kxd6 Rd4+ 63. Kc7 Ke5 64. Kb8 b5 65. Kc8
c5 66. Kc7 c4 67. Kc8 b4 68. Kc7 b3 69. Kc8 b5 70. Kb8 b4 71. Kb7 c3 72. Kc6 c2
73. Kc5 b2 74. Kb5 b3 75. Kc5 b1=Q 76. Kb5 b2 77. Kc6 c1=Q+ 78. Kb6 Qbc2 79.
Ka5 Ra4+ 80. Kb6 Qc6# {Normal} 0-1

[Event "Rated Blitz tournament kv7AWfB1"]
[Site "?"]
[Date "2021.06.27"]
[Round "?"]
[White "kabasob"]
[Black "om_gendut"]
[Result "0-1"]
[WhiteElo "2329"]
[BlackElo "2405"]
[PlyCount "162"]
[EventDate "2021.??.??"]
[EventType "blitz"]

1. e4 e5 2. Nf3 d5 3. d4 dxe4 4. Nxe5 Bd6 5. Nc4 Be7 6. c3 Nf6 7. Bg5 O-O 8.
Nbd2 Bf5 9. Be2 Nc6 10. h4 h6 11. Bf4 Re8 12. g4 Bh7 13. g5 Nd5 14. Be3 hxg5
15. hxg5 Bxg5 16. Qc2 f5 17. Bxg5 Qxg5 18. O-O-O Nf4 19. Nf1 Rad8 20. Nfe3
Nxe2+ 21. Qxe2 f4 22. Rdg1 Qb5 23. Rh5 Qa4 24. Qg4 Re7 25. Nf5 Bxf5 26. Qxf5
Qxc4 27. Qh7+ Kf7 28. Rxg7+ Ke8 29. Qg6+ Kd7 30. Rxe7+ Nxe7 31. Qxe4 Qf1+ 32.
Kc2 Qxf2+ 33. Kb3 Qe3 34. Qxb7 Qe6+ 35. d5 Qb6+ 36. Qxb6 axb6 37. c4 Rf8 38.
Rh2 f3 39. Rf2 Ng6 40. Kc3 Ne5 41. Kd4 Ng4 42. Rf1 f2 43. b4 Nh2 44. Rxf2 Rxf2
45. a4 Ra2 46. c5 Rxa4 47. Kc3 bxc5 48. bxc5 Rg4 49. Kd3 Nf3 50. Kc3 Ng5 51.
Kd3 Ne4 52. Kc4 Nd6+ 53. Kc3 Nf7 54. Kd3 Ne5+ 55. Kc3 Ke7 56. d6+ cxd6 57.
cxd6+ Kxd6 58. Kd2 Nc6 59. Ke3 Rd4 60. Kf3 Ke5 61. Ke3 Ne7 62. Kf3 Nd5 63. Ke2
Rf4 64. Kd2 Kf5 65. Kd3 Nf6 66. Ke3 Re4+ 67. Kd3 Ke5 68. Kc3 Rd4 69. Kb3 Kd5
70. Kc3 Nd7 71. Kb3 Rc4 72. Ka3 Ne5 73. Kb3 Nc6 74. Ka3 Kc5 75. Kb3 Nd4+ 76.
Ka3 Rb4 77. Ka2 Nc6 78. Ka3 Kc4 79. Ka2 Kc3 80. Ka3 Kc2 81. Ka2 Ra4# {Normal}
0-1

[Event "Rated Blitz game"]
[Site "?"]
[Date "2021.06.27"]
[Round "?"]
[White "ArnieChipmunk"]
[Black "anjaya01"]
[Result "0-1"]
[WhiteElo "2439"]
[BlackElo "2349"]
[PlyCount "56"]
[EventDate "2021.??.??"]
[EventType "blitz"]

1. e4 e5 2. Nf3 d5 3. exd5 Bd6 4. Bb5+ Kf8 5. h3 f5 6. d4 e4 7. Ne5 Nf6 8. Bg5
h6 9. Ng6+ Kg8 10. Bxf6 Qxf6 11. Nxh8 Kxh8 12. Nc3 a6 13. Be2 b5 14. a3 Nd7 15.
O-O Nb6 16. Qd2 Qh4 17. f4 Bd7 18. Qe1 Qf6 19. Rd1 Rg8 20. Kh1 g5 21. g4 gxf4
22. gxf5 Bxf5 23. Rg1 f3 24. Rxg8+ Kxg8 25. Bxf3 exf3 26. Qe8+ Kh7 27. Rg1 Bg6
28. Qd7+ Nxd7 {Normal} 0-1

[Event "Rated Blitz game"]
[Site "?"]
[Date "2021.06.27"]
[Round "?"]
[White "Elcany"]
[Black "JHUNAKz1976"]
[Result "1-0"]
[WhiteElo "2444"]
[BlackElo "2382"]
[PlyCount "61"]
[EventDate "2021.??.??"]
[EventType "blitz"]

1. e4 e5 2. Nf3 d5 3. exd5 e4 4. Qe2 Nf6 5. d3 Qxd5 6. Nbd2 Be6 7. dxe4 Qd7 8.
c3 Nc6 9. h3 O-O-O 10. Qe3 Kb8 11. Bb5 Qe8 12. Ne5 Bd7 13. Nxd7+ Qxd7 14. O-O
Bd6 15. Nc4 Rhe8 16. Na5 Nxe4 17. Bxc6 bxc6 18. Qe2 Bc5 19. Qa6 Nd6 20. Nxc6+
Ka8 21. Be3 Rxe3 22. fxe3 Bxe3+ 23. Kh1 Rf8 24. Rae1 Bb6 25. Ne5 Qe6 26. Nxf7
Ne4 27. Ng5 Ng3+ 28. Kh2 Nxf1+ 29. Rxf1 Qe5+ 30. g3 Qe2+ 31. Qxe2 {Time forfeit
} 1-0

[Event "Rated Blitz game"]
[Site "?"]
[Date "2021.06.27"]
[Round "?"]
[White "extermo44"]
[Black "Maltinho"]
[Result "0-1"]
[WhiteElo "2504"]
[BlackElo "2531"]
[PlyCount "65"]
[EventDate "2021.??.??"]
[EventType "blitz"]

1. e4 e5 2. Nf3 d5 3. exd5 Bd6 4. Nc3 Nf6 5. d3 c6 6. dxc6 Nxc6 7. Be2 Bg4 8.
Bg5 h6 9. Bxf6 gxf6 10. h3 Bh5 11. Ne4 Be7 12. Ng3 Bg6 13. Nh4 Qb6 14. O-O
O-O-O 15. Nhf5 Bc5 16. c3 h5 17. b4 Bf8 18. h4 Ne7 19. Ne3 f5 20. Nc4 Qc7 21.
b5 f4 22. Nxh5 e4 23. Nf6 f3 24. gxf3 exd3 25. Ne3 dxe2 26. Qxe2 Bd3 27. Qb2
Bxf1 28. Rxf1 Rxh4 29. Neg4 Bg7 30. c4 Ng8 31. Qc2 Nxf6 32. Qf5+ Qd7 33. Qg5 {
Normal} 0-1

[Event "Rated Blitz game"]
[Site "?"]
[Date "2021.06.27"]
[Round "?"]
[White "minajack"]
[Black "YHUTANGzJHuN"]
[Result "0-1"]
[WhiteElo "2393"]
[BlackElo "2434"]
[PlyCount "30"]
[EventDate "2021.??.??"]
[EventType "blitz"]

1. e4 e5 2. Nf3 d5 3. exd5 e4 4. Qe2 Nf6 5. Nc3 Be7 6. Nd4 O-O 7. Nxe4 Qxd5 8.
Nxf6+ Bxf6 9. Nf3 Bg4 10. Qd1 Re8+ 11. Be2 Bxf3 12. gxf3 Qxf3 13. O-O Rxe2 14.
d3 Bd4 15. Be3 Bxe3 {Normal} 0-1

[Event "Rated Blitz tournament q1ZdfSDg"]
[Site "?"]
[Date "2021.06.27"]
[Round "?"]
[White "DanSah12"]
[Black "geptil"]
[Result "1-0"]
[WhiteElo "2330"]
[BlackElo "2405"]
[PlyCount "107"]
[EventDate "2021.??.??"]
[EventType "blitz"]

1. e4 e5 2. Nf3 d5 3. d4 dxe4 4. Nxe5 Bd6 5. Nc4 Nf6 6. Nc3 O-O 7. Bg5 Be7 8.
Be2 Nc6 9. d5 Nxd5 10. Bxe7 Ncxe7 11. Nxe4 Be6 12. Ng5 Bf5 13. O-O Nf4 14. Bf3
Nc6 15. Qxd8 Raxd8 16. Ne3 Bc8 17. Bxc6 bxc6 18. Rfd1 Bf5 19. g3 Nh3+ 20. Kg2
Nxg5 21. Nxf5 Ne6 22. Ne7+ Kh8 23. Nxc6 Ra8 24. b4 f5 25. f4 g5 26. Kf3 gxf4
27. gxf4 Rg8 28. Rg1 a6 29. Rxg8+ Rxg8 30. Re1 Rg6 31. Ne7 Rh6 32. Nxf5 Rf6 33.
Re5 Kg8 34. a4 Kf7 35. a5 Kg6 36. Ne7+ Kf7 37. Nd5 Rh6 38. f5 Nd4+ 39. Kg3 Rh5
40. Re7+ Kf8 41. Rxc7 Rxf5 42. Nf4 Rb5 43. c3 Nf5+ 44. Kg4 Ne3+ 45. Kf3 Nf5 46.
Ne6+ Kg8 47. Nc5 Rb8 48. Nxa6 Rf8 49. Nc5 Nd6+ 50. Ke3 Nb5 51. Rb7 Nxc3 52. a6
Re8+ 53. Kd3 Nd5 54. a7 {Normal} 1-0

[Event "Rated Blitz game"]
[Site "?"]
[Date "2021.06.27"]
[Round "?"]
[White "kunderiano"]
[Black "JoNYuTANGCo"]
[Result "1-0"]
[WhiteElo "2346"]
[BlackElo "2440"]
[PlyCount "91"]
[EventDate "2021.??.??"]
[EventType "blitz"]

1. e4 e5 2. Nf3 d5 3. Nxe5 dxe4 4. Bc4 Qg5 5. d4 Qxg2 6. Rf1 Be6 7. Bxe6 fxe6
8. Nc3 Nf6 9. Qe2 Bd6 10. Bd2 Nbd7 11. Nxd7 Kxd7 12. O-O-O Raf8 13. Rg1 Qxh2
14. Rxg7+ Kc8 15. Nxe4 Nd5 16. Nxd6+ Qxd6 17. c3 h5 18. Re1 Re8 19. Qe5 h4 20.
Rg2 h3 21. Rh2 Nb6 22. Reh1 Qc6 23. Rxh3 Nc4 24. Qh2 Rhf8 25. Bh6 Rf5 26. Rh5
Qb5 27. b3 Nd6 28. Rxf5 Qxf5 29. Bd2 Rf8 30. Qe5 Ne4 31. Qxf5 Rxf5 32. Be3 Nxf2
33. Bxf2 Rxf2 34. Rh7 Rxa2 35. Re7 Ra6 36. Kc2 Kd8 37. Rh7 Rd6 38. b4 b6 39.
Kb3 c6 40. Kc4 a5 41. b5 c5 42. dxc5 bxc5 43. Kxc5 Rd3 44. Kb6 Rxc3 45. Kxa5
Rb3 46. Kb6 {Time forfeit} 1-0

[Event "Rated Blitz game"]
[Site "?"]
[Date "2021.06.27"]
[Round "?"]
[White "vikakaz1"]
[Black "YHUTANGzJHuN"]
[Result "0-1"]
[WhiteElo "2461"]
[BlackElo "2410"]
[PlyCount "55"]
[EventDate "2021.??.??"]
[EventType "blitz"]

1. e4 e5 2. Nf3 d5 3. Nxe5 dxe4 4. d4 Bd6 5. Nc4 Nc6 6. c3 f5 7. g3 Nf6 8.
Nxd6+ Qxd6 9. Bf4 Qe7 10. Bc4 Be6 11. Qb3 Bxc4 12. Qxc4 O-O-O 13. Na3 Nd5 14.
O-O-O g5 15. Bd2 f4 16. Kb1 e3 17. fxe3 fxe3 18. Bc1 Rhf8 19. Rde1 Rf2 20. Qd3
Re8 21. Nc4 e2 22. h4 h6 23. hxg5 hxg5 24. Rh7 Qf6 25. Rh5 Rf1 26. Rxe2 Rxe2
27. Qxe2 Qg6+ 28. Qc2 {Normal} 0-1